<?xml version="1.0" encoding="UTF-8"?>
<marc:record xmlns:marc="http://www.loc.gov/MARC21/slim">
   <marc:leader>00000nam a2200000 a 4500</marc:leader>
   <marc:datafield ind1=" " ind2=" " tag="653">
      <marc:subfield code="a">Comic</marc:subfield>
   </marc:datafield>
   <marc:datafield ind1="0" ind2="0" tag="245">
      <marc:subfield code="a">Chaos in Jollywood</marc:subfield>
   </marc:datafield>
   <marc:datafield ind1=" " ind2="1" tag="264">
      <marc:subfield code="a">Hamburg</marc:subfield>
      <marc:subfield code="b">Carlsen Comics</marc:subfield>
      <marc:subfield code="c">2022</marc:subfield>
   </marc:datafield>
   <marc:datafield ind1="1" ind2=" " tag="490">
      <marc:subfield code="a">Marsupilami / Franquin</marc:subfield>
      <marc:subfield code="v">27</marc:subfield>
   </marc:datafield>
   <marc:datafield ind1=" " ind2=" " tag="250">
      <marc:subfield code="a">1. Aufl.</marc:subfield>
   </marc:datafield>
   <marc:datafield ind1="1" ind2=" " tag="520">
      <marc:subfield code="a">Angaben aus der Verlagsmeldung 

 Marsupilami 27: Chaos in Jollywood  : Abenteuercomics für Kinder ab 8  / von André Franquin


            

                Abenteuer für Leseanfänger
                

                
Das Marsupilami ist eines der tollsten Tiere des palumbianischen Dschungels! Es ist super intelligent, super stark und es kann super wütend werden, wenn jemand seiner Familie oder dem Dschungel etwas Böses will. Dann macht es aus seinem acht Meter langen Schwanz eine Keule und verteilt Beulen für die Bösewichte!
            

                Mit dem Marsupilami macht das Lesenlernen richtig Spaß!
            
            
Dieses Mal müssen Collin und seine Freunde den Tieren des Dschungels helfen. Skrupellose Tierjäger kommen, um exotische Tiere zu fangen und an reiche Sammler zu verkaufen. Das bringt natürlich auch das Marsupilami auf die Palme! Zusammen mit den Kindern und dem alten Noah nehmen sie den Kampf auf!</marc:subfield>
   </marc:datafield>
   <marc:datafield ind1=" " ind2=" " tag="020">
      <marc:subfield code="a">9783551796714</marc:subfield>
      <marc:subfield code="9">9783551796714</marc:subfield>
   </marc:datafield>
   <marc:datafield ind1=" " ind2=" " tag="020">
      <marc:subfield code="a">3551796718</marc:subfield>
      <marc:subfield code="9">3551796718</marc:subfield>
   </marc:datafield>
   <marc:datafield ind1=" " ind2=" " tag="041">
      <marc:subfield code="a">ger</marc:subfield>
   </marc:datafield>
   <marc:datafield ind1="0" ind2=" " tag="490">
      <marc:subfield code="v">27</marc:subfield>
   </marc:datafield>
   <marc:datafield ind1=" " ind2=" " tag="338">
      <marc:subfield code="a">Band</marc:subfield>
   </marc:datafield>
   <marc:datafield ind1=" " ind2=" " tag="300">
      <marc:subfield code="a">46 Seiten</marc:subfield>
   </marc:datafield>
</marc:record>
